书目信息 |
| 题名: |
中国百年水彩画展纪念
|
|
| 作者: | 黄铁山 , 陶世虎 主编 | |
| 分册: | ||
| 出版信息: | 中国美术家协会 |
|
| 页数: | 214页 | |
| 开本: | 38cm | |
| 丛书名: | ||
| 单 册: | ||
| 中图分类: | J225 | |
| 科图分类: | ||
| 主题词: | 绘画--中国 | |
| 电子资源: | ||
| ISBN: | ||
| 000 | 00553nam0 2200181 450 | |
| 001 | 0737552785 | |
| 005 | 20070922102910.48 | |
| 100 | @a20070922d km y0chiy0120 ea | |
| 101 | 0 | @achi |
| 200 | 1 | @a中国百年水彩画展纪念@Azhong guo bai nian shui cai hua zhan ji nian@f黄铁山,陶世虎主编@Fhuang tie shan,tao shi hu zhu bian |
| 210 | @c中国美术家协会 | |
| 215 | @d38cm@a214页 | |
| 606 | 0 | @a绘画@x中国 |
| 690 | @aJ225@v3 | |
| 701 | 0 | @a黄铁山@Ahuang tie shan@4主编 |
| 701 | 0 | @a陶世虎@Atao shi hu@4主编 |
| 801 | 0 | @aCN@bPFT@c20070922 |
| 905 | @a10447@dJ225@e256 | |
| 中国百年水彩画展纪念/黄铁山,陶世虎主编.-中国美术家协会 |
| 38cm;214页 |
| ISBN : |
| ● |
| 相关链接 |
|
|
|
|
正题名:中国百年水彩画展纪念
索取号:J225/256
 
预约/预借
| 序号 | 登录号 | 条形码 | 馆藏地/架位号 | 状态 | 备注 |
| 1 | 0624440 | 206244401 | 古籍典藏专区/ [索取号:J225/256] | 在馆 |